01148nam a2200301 i 4500001001000000003000900010005001700019008004100036040003000077041000800107082002300115100004500138245010100183250002200284264006600306300005400372336002700426337003300453338002800486500003800514650002400552650002600576700005400602910003700656942001400693952012200707999001700829000030224DO-SdBNP20260516194937.0110505s1990 dr ac 000 0 spa d aDO-SdBNPbspacBNPHUerda aspa 4aRD861.44bK37a2221 aKenton, Luis,9569154aut.eautord1954-13aEl amor y la caida :bmi ayer, hoy y mañana /cLuis Kenton ; prólogo, Roberto Montero - Luke aPrimera edición aSanto Domingo, Rep. Dominicana :bEducativa Dominicana,c1990 a220 págnas :bilustraciones, retratos. ;c21 cm ardacontent2textobtxt ardamedia2sin mediaciónbn ardacarrier2volumenbnc aIncluye notas al pie de páginas aPoesía dominicana aLiteratura dominicana 4prol.aMontero Luke, Roberto eprologuista989627 aValidado. Control de calidad MFF 2ddccLBS1 00102ddc718PDaPDbPDcCTd2011-05-05iLF1l0oRD861.44 K37ap30224-10r2020-06-25w2020-06-25yLFPDZNo se presta c29716d29716